Exploraȯ̂ de petrl̤eo e de gs̀ natural Reflexe̳s jurd̕icas sobre a oneraȯ̂ de tal atividade /

Detalles Bibliográficos
Autor principal: Alves Cardoso, Auta
Formato: eBook
Lenguaje:portugués
Publicado: San Pablo: Editora Noeses, 2015
Materias:
Acceso en línea:Acceso restringido

MARC

LEADER 00000nam a22000007a 4500
005 20210909131257.0
007 cr|||| ||||
008 210909s2015 br |||||s|||| 00||0 por d
020 |a 978-85-8310-046-1 
035 |a 35078 
040 |a vLex 
090 |c 12372  |d 12372 
100 1 |a Alves Cardoso, Auta 
245 1 0 |a Exploraȯ̂ de petrl̤eo e de gs̀ natural  |h [Recurso electrn̤ico] :  |b Reflexe̳s jurd̕icas sobre a oneraȯ̂ de tal atividade /  |c Auta Alves Cardoso 
256 |a Servicio en ln̕ea 
260 |a San Pablo:  |b Editora Noeses,  |c 2015 
300 |a 1 recurso electrn̤ico 
506 1 |a Disponible solo en los productos indicados  |d vLex Global  |d vLex Global (Academic Edition, excluding Law Schools)  |d vLex Global (U.S. Academic Edition, Law Schools)  |d vLex Global (U.S. Academic Edition, excluding Law Schools)  |d vLex Global (Academic Edition, Law Schools) 
650 0 4 |a Derecho Tributario  |z Brasil 
740 0 |a vLex Libros (Servicio en ln̕ea) 
856 4 0 |u https://app.vlex.com/#/sources/35078  |z Acceso restringido 
942 |c BOOK 
999 0 |a Tax Law